| 000 | 00520nam a2200157Ia 4500 | ||
|---|---|---|---|
| 008 | 170221s9999 xx 000 0 und d | ||
| 100 | _aJingxian Zhou | ||
| 245 | 2 | _aA Quadratic Residue-Based Lightweight RFID Mutual Authentication Protocol with Constant-Time Identification | |
| 245 | _cJingxian Zhou. | ||
| 260 | _bJournal of Communications | ||
| 260 | _c2014 | ||
| 300 | _a34 : 2 | ||
| 650 | _xCommunication | ||
| 650 | _xMedia Arts | ||
| 856 | _uhttp://www.jocm.us/index.php?m=content&c=index&a=lists&catid=142 | ||
| 999 |
_c310754 _d310754 |
||